Normal view
MARC view
Entry Personal Name
001 - CONTROL NUMBER
- control field: 84237
003 - CONTROL NUMBER IDENTIFIER
- control field: dpl
005 - DATE AND TIME OF LATEST TRANSACTION
- control field: 20250822113542.0
008 - FIXED-LENGTH DATA ELEMENTS
- fixed length control field: 250822|| aca||aabn | a|a d
040 ## - CATALOGING SOURCE
- Original cataloging agency: dpl
- Transcribing agency: dpl
100 ## - HEADING--PERSONAL NAME
- Personal name: Satwik Upadhyay
670 ## - SOURCE DATA FOUND
- Source citation: Work cat.: (dpl)213095: Ghosh, Vinit 84235, HR ANALYTICS, 2026
